| 000 -LEADER |
| fixed length control field |
00434cam a22001457a 4500 |
| 008 - FIXED-LENGTH DATA ELEMENTS--GENERAL INFORMATION |
| fixed length control field |
180718b1994 xxu||||| |||| 00| 0 eng d |
| 020 ## - INTERNATIONAL STANDARD BOOK NUMBER |
| International Standard Book Number |
812020333X |
| 082 ## - DEWEY DECIMAL CLASSIFICATION NUMBER |
| Classification number |
A99 T45 Sa81 |
| 100 ## - MAIN ENTRY--PERSONAL NAME |
| Personal name |
Sathe, Shanta |
| 245 ## - TITLE STATEMENT |
| Title |
Lokmanya Tilak : his social and political thoughts |
| Statement of responsibility, etc. |
by Shanta Sathe |
| 260 ## - PUBLICATION, DISTRIBUTION, ETC. |
| Place of publication, distribution, etc. |
Delhi |
| Name of publisher, distributor, etc. |
Ajanta |
| Date of publication, distribution, etc. |
1994 |
| 300 ## - PHYSICAL DESCRIPTION |
| Extent |
283p. |
| 650 ## - SUBJECT ADDED ENTRY--TOPICAL TERM |
| Topical term or geographic name entry element |
Political Science, Nationalism |
| 650 ## - SUBJECT ADDED ENTRY--TOPICAL TERM |
| Topical term or geographic name entry element |
Tilak, Bal GangaDhar, 1856 - 1920 |